[Event "Pontevedra op 2nd"]
[Site "Pontevedra"]
[Date "2014.08.07"]
[Round "1"]
[White "Carretero Garcia, Ivan"]
[Black "Santos Latasa, Jaime"]
[Result "0-1"]
[WhiteElo "1735"]
[BlackElo "2487"]
[PlyCount "56"]
[EventDate "2014.08.07"]
[EventType "swiss"]
[EventRounds "9"]
[EventCountry "ESP"]
[SourceTitle "CBM 162 Extra"]
[Source "ChessBase"]
[SourceDate "2014.10.17"]
[SourceVersion "1"]
[SourceVersionDate "2014.10.17"]
[SourceQuality "1"]

1. d4 Nf6 2. Nc3 e6 3. e4 d5 4. exd5 exd5 5. Bg5 Be7 6. Nf3 0-0 7. Be2 h6 8. Bh4 c6 9. 0-0 Ne4 10. Bxe7 Qxe7 11. Ne5 Nxc3 12. bxc3 Nd7 13. f4 Nf6 14. Bd3 c5 15. dxc5 Qxc5+ 16. Kh1 Qxc3 17. Rf3 Qb4 18. h3 Ne4 19. c4 Qc5 20. Qc2 Nf6 21. Rg1 b6 22. g4 dxc4 23. g5 cxd3 24. Qxc5 bxc5 25. gxf6 Bb7 26. Rxg7+ Kh8 27. Ng6+ fxg6 28. Rxb7 Rad8 0-1